000 01288nam a2200229Ia 4500
001 L200-54267
003 IT-CnALBA
008 170116s9999||||xx |||||||||||||| ||und||
040 _aIT-CnALBA
_cIT-CnALBA
041 _aITALIANO
100 _aRIZZOLO ANTONIO, SSP.
245 0 _aSTORIA DELLA CHIESA. DUEMILA ANNI DI CRISTIANESIMO. DA GESÙ CRISTO ALL'ANNO MILLE. VOL.1.
250 _a1a ed.
260 _aCINISELLO BALSAMO (MI)
_bPERIODICI SAN PAOLO ED.
_c2000 [1° Ed.:2000 - Ed.Ling.Originale: 2000]
300 _a256 p.
500 _aIN COLLABORAZIONE CON L'UNIVERSITÀ DEL SACRO CUORE. LE ORIGINI. I TESTIMONI DI GESÙ. I MARTIRI. L'EPOCA DI COSTANTINO. LE INVASIONI BARBARICHE. IL MONACHESIMO. REGOLA BENEDETTINA. GLI ARABI E MAOMETTO. I PADRI DELLA CHIESA. CARLO MAGNO. IMPERO. L'ANNO MIL
501 _aSocietà San Paolo EM - Piazza San Paolo, 14 - 12051 ALBA (CN) (non commercial uses only) ® Copyright 2017
520 _aIN COLLABORAZIONE CON L'UNIVERSITÀ DEL SACRO CUORE. LE ORIGINI. I TESTIMONI DI GESÙ. I MARTIRI. L'EPOCA DI COSTANTINO. LE INVASIONI BARBARICHE. IL MONACHESIMO. REGOLA BENEDETTINA. GLI ARABI E MAOMETTO. I PADRI DELLA CHIESA. CARLO MAGNO. IMPERO. L'ANNO MIL
650 _aRELIGIONE - RELIGIONE CRISTIANA
942 _cBK
957 _71
999 _a71757
_bNO
_g Copie: 1
_c313139
_d313139